000 00643nam a2200229Ia 4500
005 20240105110652.0
008 131103s9999 xx 000 0 und d
020 _a8189040057
_cRs 75
040 _aLoreto College
041 _aEnglish
082 _a891.456
_bDAS
100 _aDas, Kishori Charan
245 _aStories,
_cKishori Charan Das.
250 _aTranslated from the Oriya by Paul St-Pierre, Leelawati Mohapatra and K K Mohapatra
260 _aBhunaneswar
_bGrassroots
_c2004
300 _a61p
630 _aOriya Fiction
650 _aOriya Stories
651 _aFiction in English
850 _aLCLIB
942 _cBK
999 _c21893
_d72372